|
|
|
|
| LEADER |
00000cam a2200000 a 4500 |
| 001 |
UCF2219 |
| 003 |
CL-VaPUC |
| 008 |
120810e20050800CL |||||||||||||||||spa|d |
| 020 |
|
|
|a 9567472351
|
| 082 |
0 |
4 |
|a 861
|b CEC
|2 21
|
| 100 |
0 |
|
|a Cecereu, Alberto
|e author
|9 563810
|
| 245 |
1 |
0 |
|a Noticias sobre la inmanencia
|
| 250 |
|
|
|a 1a. ed
|
| 300 |
|
|
|a 59 p
|
| 942 |
|
|
|c BK
|
| 945 |
|
|
|d 20120810 00:00:00
|a dcastane
|
| 260 |
|
|
|a Viña del Mar
|b Altazor
|c 2005
|
| 650 |
|
0 |
|a Poesías hispanoamericanas
|9 267672
|
| 583 |
|
|
|a last modification
|c 20120810 11:35:00
|k Rodrigo Vera
|
| 999 |
|
|
|c 348820
|d 348818
|
| 952 |
|
|
|0 0
|1 0
|4 0
|6 861_000000000000000_CEC_2005
|7 0
|8 C
|9 451038
|a BIBCUR
|b BIBCUR
|d 2019-11-22
|i 4892755
|o 861 CEC 2005
|p 4892755
|r 2025-04-22
|w 2019-11-22
|y BK
|k CAC
|
| 952 |
|
|
|0 0
|1 0
|4 0
|6 861_000000000000000_CEC_2005
|7 0
|8 A
|9 451039
|a BIBING
|b BIBING
|d 2019-11-22
|i 4891902
|o 861 CEC 2005
|p 4891902
|r 2025-01-20
|w 2019-11-22
|y BK
|k CUI
|
| 952 |
|
|
|0 0
|1 0
|4 0
|6 861_000000000000000_CEC_2005
|7 0
|8 A
|9 451040
|a BIBEDU
|b BIBEDU
|c ES_NOD
|d 2019-11-22
|i 4892348
|o 861 CEC 2005
|p 4892348
|r 2023-08-09
|w 2019-11-22
|y BK
|k CUE
|